000
00337pam a2200157a 44500
008
230515b2008 xxu||||| |||| 00| 0 eng d
020
_a
NULL
041
_a
MARATHI
082
_a
830 SHI
100
_a
PINGALE V D
245
_a
KRANTIGURU LAHUGI VASTAD
250
_a
1
260
_a
NULL
_b
NA
_c
2008
300
_a
48
650
_a
NULL
999
_c
640963
_d
640963